000 01067nam a22002177a 4500
999 _c397
_d397
005 20210325173048.0
008 s2532 th tha d
020 _a 9748161943
040 _aNALT
050 _aJF1358
_bท19ก 2532
245 1 0 _aการบริหารงานบุคคลในแนวทางใหม่ /
_cทองศรี กำภู ณ อยุธยา, บรรณาธิการ.
250 _aพิมพ์ครั้งที่ 2
260 3 _aกรุงเทพฯ :
_bคณะรัฐประศาสนศาสตร์ สถาบันบัณฑิตพัฒนบริหารศาสตร์,
_c2532
300 _a236 หน้า :
_bภาพประกอบ, ตาราง, แผนภาพ
650 4 _aการบริหารงานบุคคล
650 4 _aข้าราชการ
_xแง่ศีลธรรมจรรยา
700 0 _aทองศรี กำภู ณ อยุธยา
850 _aNALT
942 _cGB
_2lcc